Les 30 joueurs les + chers du PSG - Statistiques

Statistiques générales
  • Ce quiz a été pris 527 fois
    104 depuis la dernière actualisation
  • Le résultat moyen est 24 sur 30
Statistiques - réponses
# Saison De Poste Valeur du transfert Pays Joueur % Correct
2 18/19 AS Monaco A 180 000 000 € Kylian Mbappé
100%
1 17/18 FC Barcelona A 222 000 000 € Neymar
100%
5 21/22 Inter D 68 000 000 € Achraf Hakimi
99%
12 23/24 FC Barcelona A 50 000 000 € Ousmane Dembélé
92%
3 23/24 Eintracht Frankfurt A 95 000 000 € Randal Kolo Muani
91%
14 24/25 Stade Rennais FC A 50 000 000 € Désiré Doué
89%
7 23/24 SL Benfica A 65 000 000 € Gonçalo Ramos
89%
6 24/25 SL Benfica M 65 920 000 € João Neves
89%
20 22/23 FC Porto M 41 500 000 € Vitinha
89%
17 23/24 Olympique Lyonnais A 45 000 000 € Bradley Barcola
87%
8 13/14 SSC Napoli A 64 500 000 € Edinson Cavani
87%
9 15/16 Manchester United A 63 000 000 € Ángel Di María
85%
21 24/25 Eintracht Frankfurt D 40 000 000 € Willian Pacho
85%
4 24/25 SSC Napoli A 70 000 000 € Khvicha Kvaratskhelia
82%
18 12/13 AC Milan D 42 000 000 € Thiago Silva
81%
23 25/26 Lille OSC G 40 000 000 € Lucas Chevalier
78%
11 23/24 Sporting CP M 60 000 000 € Manuel Ugarte
78%
30 13/14 AS Roma D 31 400 000 € Marquinhos
76%
25 22/23 Sporting CP D 38 000 000 € Nuno Mendes
76%
16 23/24 FC Bayern München D 45 000 000 € Lucas Hernández
75%
15 14/15 Chelsea FC D 49 500 000 € David Luiz
73%
24 18/19 FC Zenit SPB M 40 000 000 € Leandro Paredes
73%
10 25/26 AFC Bournemouth D 63 000 000 € Ilya Zabarnyi
72%
27 16/17 Vfl Wolfsburg A 36 000 000 € Julian Draxler
71%
19 11/12 Palermo FC M 42 000 000 € Javier Pastore
67%
13 20/21 Inter A 50 000 000 € Mauro Icardi
66%
26 18/19 FC Schalke 04 D 37 000 000 € Thilo Kehrer
59%
22 12/13 São Paulo FC A 40 000 000 € Lucas Moura
57%
28 00/01 Real Madrid CF A 34 500 000 € Nicolas Anelka
56%
29 19/20 Borussia Dortmund D 32 000 000 € Abdou Diallo
49%
Aucun quiz correspondant
Distribution des résultats
% des personnes avec chaque résultat
Percentile par nombre de réponses
Votre historique - résultats
Vous n’avez pas pris ce quiz depuis la dernière actualisation